KTET: (Record no. 181907)

000 -LEADER
fixed length control field 00359nam a2200145 4500
020 ## - INTERNATIONAL STANDARD BOOK NUMBER
ISBN 9789348132697
082 ## - DEWEY DECIMAL CLASSIFICATION NUMBER
Classification number M 030
Item number SUV/K
100 ## - MAIN ENTRY--AUTHOR NAME
Personal name Suvitha M V
245 ## - TITLE STATEMENT
Title KTET:
Sub Title manasasthravum bodhanasasthravum/
Statement of responsibility, etc by Suvitha M V
260 ## - PUBLICATION, DISTRIBUTION, ETC. (IMPRINT)
Place of publication Kozhikkode:
Name of publisher Atma books,
Year of publication 2024.
300 ## - PHYSICAL DESCRIPTION
Number of Pages 360p.
650 ## - SUBJECT ADDED ENTRY--TOPICAL TERM
Topical Term KTET
650 ## - SUBJECT ADDED ENTRY--TOPICAL TERM
Topical Term General studies
942 ## - ADDED ENTRY ELEMENTS (KOHA)
Koha item type Book
Holdings
Withdrawn status Lost status Damaged status Not for loan Permanent Location Current Location Shelving location Date acquired Cost, normal purchase price Full call number Accession Number Price effective from Koha item type
        Sree Sankaracharya University of Sanskrit Sree Sankaracharya University of Sanskrit Stacks 01.06.2026 700.00 M 030 SUV/K 108900 01.06.2026 Book